| 000 | 00000nam##2200000za#4500 |
| 001 | 9.573397 |
| 003 | CaOODSP |
| 005 | 20210624183702 |
| 007 | cr ||||||||||| |
| 008 | 150406|1998||||xxc|||||o f|0| 0 eng|d |
| 040 | |aCaOODSP|beng |
| 043 | |an-cn--- |
| 086 | 1 |aNH14-1/0390E-PDF |
| 110 | 2 |aCanada Mortgage and Housing Corporation. |
| 245 | 10|aHow Cape Breton Regional Municipality streamlined residential building plans approvals by improving the quality of plans submitted for review |h[electronic resource] |
| 260 | |aOttawa - Ontario : |bCanada Mortgage and Housing Corporation |
| 300 | |a23p.|bfigs. |
| 490 | 1 |aAffordability and Choice Today (ACT) regulatory reform project |vJune 1998 |
| 590 | |a12-31-Supp|b2012-07-06 |
| 775 | 08|tComment la Municipalité régionale du Cap-Breton a rationalisé l'approbation des plans de construction résidentielle en améliorant la qualité des plans présentés pour fins d'examen / |w(CaOODSP)9.603565 |
| 776 | 0#|tHow Cape Breton Regional Municipality streamlined residential building plans approvals by improving the quality of plans submitted for review / |w(CaOODSP)9.534754 |
| 776 | 0#|tComment la Municipalité régionale du Cap-Breton a rationalisé l'approbation des plans de construction résidentielle en améliorant la qualité des plans présentés pour fins d'examen / |w(CaOODSP)9.534755 |
| 830 | #0|aAffordability and Choice Today (ACT) regulatory reform project ;|vJune 1998|w(CaOODSP)9.506898 |
| 856 | 40|ahttp://publications.gc.ca|qPDF|s2.11 MB|uhttps://publications.gc.ca/collections/Collection/NH14-1-0390E.pdf|yJune 1998 |